| 000 | 00708cam a22002295a 4500 | ||
|---|---|---|---|
| 001 | 12263093 | ||
| 005 | 20180121125240.0 | ||
| 008 | 001220s2001 enka frb 001 0 eng d | ||
| 020 | _a9780566083174 | ||
| 020 | _a0566083175 | ||
| 040 |
_aDLC _cDLC _dDLC _dEG-ScBUE _beng |
||
| 082 | 0 | 4 |
_a659.152 _222 _bVEL |
| 100 | 1 | _aVelarde, Giles. | |
| 245 | 1 | 0 |
_aDesigning exhibitions : _bmuseums, heritage, trade and world fairs / _cGiles Velarde. |
| 250 | _a2nd ed. | ||
| 260 |
_aAldershot ; _aBurlington : _bAshgate, _c2001. |
||
| 300 |
_axxiv, 193 p. : _bill. ; _c26 cm. |
||
| 504 | _aIncludes bibliographical references and index. | ||
| 650 | 7 |
_aTrade shows. _2BUEsh |
|
| 653 |
_bGGEN _cJanuary2018 |
||
| 942 | _2ddc | ||
| 999 |
_c25974 _d25946 |
||